| 000 | 00612nam a2200229Ia 4500 | ||
|---|---|---|---|
| 003 | OSt | ||
| 005 | 20221007071114.0 | ||
| 006 | a|||||r|||| 00| 0 | ||
| 007 | ta | ||
| 008 | 221006b |||||||| |||| 00| 0 eng d | ||
| 024 | _a15,691 | ||
| 037 | _cTextual | ||
| 040 |
_aFLL _cFLL _beng |
||
| 041 |
_2eng _aeng |
||
| 082 | _aX652:(Z1), L4 | ||
| 100 |
_aSauveplanne J.G. _9688136 |
||
| 245 | 0 | _aSecurity over corporeal movables | |
| 260 |
_aLeiden _bA.W. Sijthoff Leiden _c1974 |
||
| 300 |
_a308p _ccm. |
||
| 942 |
_hX652:(Z1), L4 _cTEXL _2CC |
||
| 999 |
_c1142464 _d1142464 |
||